| 000 | 00441nam a2200169Ia 4500 | ||
|---|---|---|---|
| 008 | 210719s2010 xx 000 0 und d | ||
| 041 | _akan | ||
| 082 | _a343.0998K VEDM | ||
| 100 | _aVEDAMURTI (Ke Si) Ed | ||
| 245 | _aMahiti hakku: mahiti hakku adhiniyama 2005 | ||
| 260 |
_aBengaluru _c2010 |
||
| 300 |
_aviii,136 _bPB |
||
| 365 |
_b70 _cRs |
||
| 650 | _aLaw | ||
| 650 | _aLaw | ||
| 906 | _a2005 ; adhiniyama ; hakku ; hakku: ; Mahiti | ||
| 999 |
_c215854 _d215854 |
||